000 00741nam a22002177a 4500
999 _c20549
_d20549
003 AR-CdUCM
008 190531b ||||| |||| 00| 0 spa d
040 _aMUNICIPALIDAD PROVINCIAL DEL CUSCO
_cBIBLIOTECA MUNICIPAL DEL CUSCO
041 _heng
082 _a729 /
_bS29
100 _aScott, Robert Gillam
_942961
245 _aFundamentos del diseño /
260 _aBuenos Aires :
_bVictor Leru,
_c1959.
300 _a195 páginas ;
_c27 cm.
_bFiguras.
505 _aContenido: Que es el sonido -- Sostén de la forma -- Organización de la figura...
650 _aArquitectura
_93356
650 _aDiseño
_914302
700 _aMolina y Vedia, Marta del castillo de (traductor)
_942962
942 _2ddc
_cLIBROS
945 _aJavier